000 00687nam a2200289Ia 4500
005 20260324124058.0
008 008 260324s9999 xx 000 0 eng d
020 _a9781315580388
037 _aEBOOK
040 _aCRL
040 _beng
040 _cCRL
041 _2eng
041 _aeng
084 _qCRL
100 _aJames Turner Johnson
_91172752
245 0 _aEthics and the Use of Force
245 0 _bJust War in Historical Perspective
260 _bTaylor and Francis
260 _c2011
365 _a
365 _b255
856 _uhttp://www.taylorfrancis.com/books/9781315580388
942 _cEBOOK
999 _c1766853
_d1766853